<?xml version="1.0" encoding="UTF-8"?>
<record
    xmlns:xsi="http://www.w3.org/2001/XMLSchema-instance"
    xsi:schemaLocation="http://www.loc.gov/MARC21/slim http://www.loc.gov/standards/marcxml/schema/MARC21slim.xsd"
    xmlns="http://www.loc.gov/MARC21/slim">

  <leader>04993nam a2200397 a 4500</leader>
  <controlfield tag="003">CHAP</controlfield>
  <controlfield tag="005">20260317140547.0</controlfield>
  <controlfield tag="008">250924s2012    mx adk  r     000 0 spa d</controlfield>
  <datafield tag="020" ind1=" " ind2=" ">
    <subfield code="a">978-968-7462-48-6</subfield>
  </datafield>
  <datafield tag="040" ind1=" " ind2=" ">
    <subfield code="c">CHAP</subfield>
    <subfield code="e">rda</subfield>
    <subfield code="a">PA</subfield>
  </datafield>
  <datafield tag="041" ind1=" " ind2=" ">
    <subfield code="a">spa</subfield>
    <subfield code="b">spa</subfield>
    <subfield code="f">spa</subfield>
    <subfield code="h">spa</subfield>
  </datafield>
  <datafield tag="082" ind1=" " ind2=" ">
    <subfield code="a">PA 581.13 </subfield>
    <subfield code="b">.N88 2012</subfield>
  </datafield>
  <datafield tag="245" ind1=" " ind2=" ">
    <subfield code="a">Nutrici&#xF3;n de cultivos /</subfield>
    <subfield code="c">coordinadores Gabriel Alc&#xE1;ntar Gonz&#xE1;lez, Libia Trejo Tellez</subfield>
  </datafield>
  <datafield tag="250" ind1=" " ind2=" ">
    <subfield code="a">Reedici&#xF3;n</subfield>
  </datafield>
  <datafield tag="260" ind1=" " ind2=" ">
    <subfield code="a">M&#xE9;xico  :</subfield>
    <subfield code="b">  Colegio de Postgraduados  :</subfield>
    <subfield code="b">  Mundi Prensa</subfield>
  </datafield>
  <datafield tag="264" ind1=" " ind2=" ">
    <subfield code="a">M&#xE9;xico :</subfield>
    <subfield code="b">Colegio de Postgraduados, </subfield>
    <subfield code="c">2012</subfield>
  </datafield>
  <datafield tag="300" ind1=" " ind2=" ">
    <subfield code="a">451 p.</subfield>
    <subfield code="b">Ilustraciones, gr&#xE1;ficas, formularios</subfield>
  </datafield>
  <datafield tag="336" ind1=" " ind2=" ">
    <subfield code="2">rdacontent</subfield>
    <subfield code="a">texto</subfield>
    <subfield code="b">txt</subfield>
  </datafield>
  <datafield tag="337" ind1=" " ind2=" ">
    <subfield code="2">rdamedia</subfield>
    <subfield code="a">sin medio</subfield>
    <subfield code="b">n</subfield>
  </datafield>
  <datafield tag="338" ind1=" " ind2=" ">
    <subfield code="2">rdacarrier</subfield>
    <subfield code="a">volumen</subfield>
    <subfield code="b">nc</subfield>
  </datafield>
  <datafield tag="490" ind1="1" ind2=" ">
    <subfield code="a">Biblioteca b&#xE1;sica de agricultura</subfield>
  </datafield>
  <datafield tag="504" ind1=" " ind2=" ">
    <subfield code="a">Incluye referencias bibliogr&#xE1;ficas e &#xED;ndice</subfield>
  </datafield>
  <datafield tag="505" ind1=" " ind2=" ">
    <subfield code="a">Pr&#xF3;logo: Notas aclaratorias.-- 1. Introducci&#xF3;n.-- 1.1. Desarrollo hist&#xF3;rico en el mundo.-- 1.2. Desarrollo hist&#xF3;rico en M&#xE9;xico.-- 1.3. Bibliograf&#xED;a.-- 2. Elementos esenciales.-- 2.1. Contenido de agua y nutrimentos en el tejido vegetal.-- 2.2. Criterios establecidos para definir a un elemento como esencial (Criterios de esencialidad de Arnon y Stout).-- 2.3. Clasificaci&#xF3;n de los nutrimentos.-- 2.4. Funciones de los nutrimentos en las plantas.-- 2.5. Niveles de abastecimiento nutrimental.-- 2.6. Bibliograf&#xED;a.-- 3. Elementos ben&#xE9;ficos.-- 3.1. Sodio (Na).-- 3.2. Silicio (Si).-- 3.3. Cobalto (Co).-- 3.4. Aluminio (Al).-- 3.5. Selenio (Se).-- 3.6. Yodo (I).-- 3.7. Vanadio (V).-- 3.8. Bibliograf&#xED;a.-- 4. El suelo como medio natural en la nutrici&#xF3;n de los cultivos.--  4.1. Introducci&#xF3;n.-- 4.2. Nitr&#xF3;geno.-- 4.3. F&#xF3;sforo.-- 4.4. Potasio.-- 4.5. Calcio.-- 4.6. Magnesio.-- 4.7. Azufre.-- 4.8. Hierre.-- 4.9. Zic.-- 4.10. Cobre.-- 4.11. Manganeso.-- 4.12. Boro.-- 4.13. Molibdeno.-- 4.14. Cloro.-- 4.15. N&#xED;quel.-- 4.16. Bibliograf&#xED;a.-- 5. Acceso, absorci&#xF3;n y transporte nutrimental.-- 5.1. Acceso nutrimental.-- 5.2. Absorci&#xF3;n nutrimental.-- 5.3. Transporte nutrimental.-- 5.4. Bibliograf&#xED;a.-- 6. Diagn&#xF3;stico nutrimental en plantas.-- 6.1. Introducci&#xF3;n.-- 6.2. Diagn&#xF3;stico visual.-- 6.3. Diagn&#xF3;stico qu&#xED;mico.-- 6.4. Diagn&#xF3;stico funcional.-- 6.5. Bibliograf&#xED;a.-- 7. Diagn&#xF3;stico de la fertilidad del suelo.-- 7.1. Introducci&#xF3;n 7.2. Muestreo de suelos para estudios de fertilidad.-- 7.3. An&#xE1;lisis qu&#xED;mico de suelos.-- 7.4. Recomendaciones de fertilizaci&#xF3;n.-- 7.5. Bibliograf&#xED;a.-- 8. Correcci&#xF3;n de deficiencias nutrimentales en el suelo.-- 8.1. Introducci&#xF3;n.-- 8.2. Fertilizantes nitrogenados.-- 8.3. Fertilizantes Fosfatados.--  8.4. Fertilizantes fosfatados.-- 8.5. Proveedores de nutrimentos secundarios.-- 8.6. Correcci&#xF3;n de deficiencias de micronutrimentos en el suelo.-- 8.7. Bibliograf&#xED;a.-- 9. Fertilizaci&#xF3;n foliar.-- 9.1. La hoja como &#xF3;rgano de absorci&#xF3;n.-- 9.2.Morfolog&#xED;a de la hoja.-- 9.3. Anatom&#xED;a de la l&#xE1;mina foliar.-- 9.4 Rutas y mecanismos de penetraci&#xF3;n foliar.-- 9.5. Factores que afectan la absorci&#xF3;n foliar.-- 9.6. Algunas aplicaciones de la fertilizaci&#xF3;n foliar.-- 9.7. Limitaciones de la fertilizaci&#xF3;n foliar.-- Bibliograf&#xED;a.-- 10. Principios de la hidropon&#xED;a y del fertirriego.-- 10.1. Desarrollo de la hidropon&#xED;a en M&#xE9;xico.-- 10.2. Retrospectiva de los cultivos hidrop&#xF3;nicos.-- 10.3. Cultivos hidrop&#xF3;nicos.-- 10.4. Principales sistemas hidrop&#xF3;nicos.-- 10.5. Fertirriego por goteo.-- 10.6. Situaci&#xF3;n actual, problem&#xE1;tica y tendencias futuras.-- 10.7. Bibliograf&#xED;a.-- 11. Ap&#xE9;ndice a color.-- Acerca de los autores.</subfield>
  </datafield>
  <datafield tag="520" ind1=" " ind2=" ">
    <subfield code="a">La producci&#xF3;n de cultivos es un proceso directamente relacionado con la nutrici&#xF3;n vegetal y la fertilidad de los suelos, cuando otros factores que la afectan son favorables y razonablemente constantes en el sistema de producci&#xF3;n. Este libro de nutrici&#xF3;n vegetal expone temas que permiten al lector comprender, en 10 cap&#xED;tulos escritos por diversos especialistas, desde los conceptos fundamentales de los elementos esenciales y ben&#xE9;ficos hasta el diagn&#xF3;stico nutrimental de la planta y del suelo, pasando por la din&#xE1;mica de los nutrimentos en el suelo, los mecanismos de acceso, y sus formas de absorci&#xF3;n y transporte en la planta. La obra incluye dos apartados referentes a los procedimientos de correcci&#xF3;n de deficiencias nutrimentales mediante la aplicaci&#xF3;n de fertilizantes al suelo y al follaje, y finaliza con una descripci&#xF3;n b&#xE1;sica de la hidropon&#xED;a y el fertirriego, temas para cuyo dominio se requerir&#xED;a otro volumen de igual amplitud.</subfield>
  </datafield>
  <datafield tag="534" ind1=" " ind2=" ">
    <subfield code="p">T&#xED;tulo original:</subfield>
  </datafield>
  <datafield tag="650" ind1=" " ind2=" ">
    <subfield code="a">Cultivos </subfield>
    <subfield code="x"> mejoramiento  </subfield>
    <subfield code="9">30293</subfield>
  </datafield>
  <datafield tag="650" ind1=" " ind2=" ">
    <subfield code="a">Cultivos </subfield>
    <subfield code="x"> rendimiento  </subfield>
    <subfield code="9">30318</subfield>
  </datafield>
  <datafield tag="650" ind1=" " ind2=" ">
    <subfield code="a">Fertilizantes</subfield>
    <subfield code="9">40447</subfield>
  </datafield>
  <datafield tag="700" ind1=" " ind2=" ">
    <subfield code="a">Alc&#xE1;ntar Gonz&#xE1;lez, Gabriel, coord. </subfield>
    <subfield code="9">174609</subfield>
  </datafield>
  <datafield tag="700" ind1="1" ind2=" ">
    <subfield code="a">Trejo T&#xE9;llez, Libia I.</subfield>
    <subfield code="e">coordinador</subfield>
    <subfield code="9">174610</subfield>
  </datafield>
  <datafield tag="901" ind1=" " ind2=" ">
    <subfield code="a">PA 581.13 N88</subfield>
  </datafield>
  <datafield tag="902" ind1=" " ind2=" ">
    <subfield code="a">M</subfield>
  </datafield>
  <datafield tag="905" ind1=" " ind2=" ">
    <subfield code="a">5231272009                          mx amn 8112223321spa11</subfield>
  </datafield>
  <datafield tag="910" ind1=" " ind2=" ">
    <subfield code="a">2009</subfield>
  </datafield>
  <datafield tag="942" ind1=" " ind2=" ">
    <subfield code="c">LIBRO</subfield>
    <subfield code="2">ddc</subfield>
  </datafield>
  <datafield tag="999" ind1=" " ind2=" ">
    <subfield code="c">220906</subfield>
    <subfield code="d">220906</subfield>
  </datafield>
  <datafield tag="952" ind1=" " ind2=" ">
    <subfield code="0">0</subfield>
    <subfield code="1">0</subfield>
    <subfield code="2">ddc</subfield>
    <subfield code="4">0</subfield>
    <subfield code="7">0</subfield>
    <subfield code="a">PA</subfield>
    <subfield code="b">PA</subfield>
    <subfield code="d">2025-09-24</subfield>
    <subfield code="l">1</subfield>
    <subfield code="m">2</subfield>
    <subfield code="o">PA 581.13 .N88 2012</subfield>
    <subfield code="p">4102004157</subfield>
    <subfield code="q">2026-04-27</subfield>
    <subfield code="r">2026-04-15 11:45:34</subfield>
    <subfield code="s">2026-04-15</subfield>
    <subfield code="w">2025-09-24</subfield>
    <subfield code="y">LIBRO</subfield>
  </datafield>
</record>
